| 000 | 00673nam a2200181Ia 4500 | ||
|---|---|---|---|
| 008 | 151202s9999||||xx |||||||||||||| ||und|| | ||
| 082 | _bPNVM-41515 | ||
| 100 | _aदेशपांडे पु.ल. | ||
| 245 | _aस्वगत : जयप्रकाश नारायण. | ||
| 260 | _b"परचुरे प्रकाशन,मुंबई." | ||
| 260 | _c1997 | ||
| 300 | _a147 | ||
| 600 | _aदेशपांडे पु.ल. | ||
| 630 | _aस्वगत : जयप्रकाश नारायण. | ||
| 700 | _aदेशपांडे पु.ल. | ||
| 730 | _aस्वगत : जयप्रकाश नारायण. | ||
| 942 | _cBOOK | ||
| 999 |
_c1307467 _d1307464 |
||